Translation as a Process bakalárska práca

Guardado en:
Detalles Bibliográficos
Autor principal: Šuleková, Anna
Autor Corporativo: Fakulta aplikovaných jazykov EU v Bratislave. Katedra jazykovedy a translatológie
Otros Autores: Vargová, Dominika, 1987-
Formato: Libro
Lenguaje:inglés
Publicado: Bratislava 2019
Etiquetas: Agregar Etiqueta
Sin Etiquetas, Sea el primero en etiquetar este registro!

MARC

LEADER 00000nbm a2200000 4500
001 0254661
005 20191106105235.8
041 0 |a eng 
044 |a SK 
245 1 0 |a Translation as a Process  |b bakalárska práca  |c Anna Šuleková ; školiteľ: Dominika Vargová 
264 1 |a Bratislava  |c 2019 
300 |a 67 s. 
100 1 |a Šuleková, Anna 
700 1 |a Vargová, Dominika, 1987- 
710 2 |a Fakulta aplikovaných jazykov EU v Bratislave. Katedra jazykovedy a translatológie